| 000 | 01620nam a22004457a 4500 | ||
|---|---|---|---|
| 003 | PE-LiUPU | ||
| 005 | 20250731184610.0 | ||
| 008 | 221117b |||||||| |||| 00| 0 spa d | ||
| 020 | _a9789972514739 | ||
| 040 |
_aPE-LiUPU _bspa _cPE-LiUPU _erda |
||
| 082 |
_a985.019 _bR839h |
||
| 100 |
_9603 _aRostworowski de Diez Canseco, María, _d1915-2016, _eAutor. |
||
| 245 |
_aHistoria del Tahuantinsuyu / _cMaría Rostworowski |
||
| 250 | _a1a Edicion | ||
| 264 |
_aLima : _bIEP, _c2014. |
||
| 300 |
_a320 páginas : _bIlustraciones, _c24 centímetros. |
||
| 490 |
_aHistoria Andina _v41 |
||
| 490 |
_aObras competas _vVIII |
||
| 500 | _aPrimera edición setiembre 2014 -- segunda reimpresión junio 2021 | ||
| 504 | _aIncluye Bibliografía | ||
| 505 | _aSurgimiento y apogeo del estado -- El Cusco primitivo -- Inicio del desenvolvimiento inca -- Expansión y desarrollo -- Las conquistas -- Las sucesiones y el correinado -- Aspectos organizativos -- La composición del Tahuantinsuyu -- Los recursos rentables del Tahuantinsuyu -- Los modelos económicos | ||
| 526 | _aP136 | ||
| 526 | _aP135 | ||
| 526 | _aP134 | ||
| 526 | _aP133 | ||
| 526 | _aP144 | ||
| 526 | _aP143 | ||
| 526 | _aP87 | ||
| 526 | _aP35 | ||
| 526 | _aP20 | ||
| 526 | _aP14 | ||
| 526 | _aP10 | ||
| 526 | _aP06 | ||
| 650 | 0 |
_9596 _aIncas _xPolítica y gobierno. |
|
| 650 | 0 |
_9602 _aIncas _xHistoria. |
|
| 650 | 0 |
_9604 _aIncas _xSociedad |
|
| 710 |
_9605 _aInstituto de Estudios Peruanos _eEditor. |
||
| 942 |
_2ddc _cBOOK _n0 |
||
| 980 |
_622041 _aELI VALDERRAMA Analista Documental _81 _gALBERTO SANCHEZ Responsable de Automatización |
||
| 999 |
_c61620 _d61620 |
||